Normal view
MARC view
Entry Nome pessoal
001 - NÚMERO DE CONTROLE
- campo de controle: 368
003 - IDENTIFICADOR DO NÚMERO DE CONTROLE
- campo de controle: Br
005 - DATA E HORÁRIO DA ÚLTIMA TRANSAÇÃO
- campo de controle: 20250203083703.0
008 - CAMPO DE DADOS FIXOS
- campo de controle de tamanho fixo: 020226 acnacab n a aaa
035 ## - NÚMERO DE CONTROLE DO SISTEMA
- Número de Controle do Sistema: 2002022612533920med
040 ## - FONTE DA CATALOGAÇÃO
- Instituição da catalogação original: BR-RjBN
- Idioma da catalogação: por
100 1# - CABEÇALHO--NOME PESSOAL
- Nome pessoal: Diamant, Anita,
- Datas associadas ao nome: 1951-
670 ## - FONTE POSITIVA DOS DADOS
- Citação da fonte positiva dos dados: Autor de: A tenda vermelha. 2001
670 ## - FONTE POSITIVA DOS DADOS
- Citação da fonte positiva dos dados: LC name auth., 77/86 ; 87/97
670 ## - FONTE POSITIVA DOS DADOS
- Citação da fonte positiva dos dados: blpc.bl.uk
670 ## - FONTE POSITIVA DOS DADOS
- Citação da fonte positiva dos dados: lcweb.loc.gov/cgi_bin/zgate
670 ## - FONTE POSITIVA DOS DADOS
- Citação da fonte positiva dos dados: https://en.wikipedia.org/wiki/Anita_Diamant 15/01/2019
- Dados encontrados na fonte localizada no subcampo: (nasceu em 27 de junho de 1951 ; autora americana de livros de ficção e não-ficção)
675 ## - FONTE NEGATIVA DOS DADOS
- Citação da fonte positiva dos dados: LC name auth., 98/00